El CCH Atzcapotzalco presente en el Congreso Universitario (Record no. 63786)
[ view plain ]
| 000 -CABECERA | |
|---|---|
| campo de control de longitud fija | 00717nam a2200217 a 4500 |
| 005 - FECHA Y HORA DE LA ÚLTIMA TRANSACCIÓN | |
| campo de control | 20210219152920.0 |
| 008 - ELEMENTOS DE LONGITUD FIJA--INFORMACIÓN GENERAL | |
| campo de control de longitud fija | 991125n 000 0 spa u |
| 035 ## - NÚMERO DE CONTROL DEL SISTEMA | |
| Número de control de sistema | UPN01000067056 |
| 100 ## - ASIENTO PRINCIPAL--NOMBRE PERSONAL | |
| Nombre de persona | Rubio Gomez, Gloria Alicia |
| 222 ## - TÍTULO CLAVE | |
| Título clave | FORO UNIVERSITARIO |
| 245 ## - MENCIÓN DE TÍTULO | |
| Título | El CCH Atzcapotzalco presente en el Congreso Universitario |
| 300 ## - DESCRIPCIÓN FÍSICA | |
| Extensión | 6-7 |
| 362 ## - FECHAS DE PUBLICACIÓN Y/O DESIGNACIÓN SECUENCIAL | |
| Fecha de publicación y/o designación secuencial | 1987 3a época, año 07, no. 79(1) sep. |
| 653 0# - TERMINO DE INDIZACION - NO CONTROLADO | |
| Término no controlado | BACHILLERATO |
| 653 0# - TERMINO DE INDIZACION - NO CONTROLADO | |
| Término no controlado | UNIVERSIDAD NACIONAL AUTONOMA DE MEXICO. |
| -- | COLEGIO DE CIENCIAS Y HUMANIDADES |
| 653 0# - TERMINO DE INDIZACION - NO CONTROLADO | |
| Término no controlado | CONGRESO UNIVERSITARIO (MEXICO) |
| 700 ## - ASIENTO SECUNDARIO--NOMBRE DE PERSONAL | |
| Nombre de persona | Rodriguez Moreno, Maria de los Angeles |
| 700 ## - ASIENTO SECUNDARIO--NOMBRE DE PERSONAL | |
| Nombre de persona | Garrido Martinez, Ana Lilia |
| 904 ## - ELEMENTOS DE DATOS D LOCAL, LDD (RLIN) | |
| a | AC |
| b | 004867 |
| 905 ## - TIPO DE MATERIAL | |
| Tipo de material | Articulo |
No items available.
